000 00343nam a2200145Ia 4500
100 _aDukkipali/ Rao/V
942 _cBK
654 _acomputer aided analysis
245 _aComputer aided analysis & Design of Machine Elements
260 _bNew age
_c2000
082 _a620.0042
_bDUK/RA
300 _a467
546 _aENGLISH
999 _c21024
_d21024